Earthquake! : (Record no. 2707)

MARC details
000 -LEADER
fixed length control field 01084pam a2200289 a 4500
005 - DATE AND TIME OF LATEST TRANSACTION
control field 20240110140434.0
020 ## - INTERNATIONAL STANDARD BOOK NUMBER
International Standard Book Number 0670848743 :
Terms of availability $12.99
040 ## - CATALOGING SOURCE
Original cataloging agency DLC
Transcribing agency DLC
Modifying agency DLC
Language of cataloging eng
050 00 - LIBRARY OF CONGRESS CALL NUMBER
Classification number PZ7.K9486
Item number Ear 1993
082 00 - DEWEY DECIMAL CLASSIFICATION NUMBER
Classification number 813.54
Edition number 20
100 1# - MAIN ENTRY--PERSONAL NAME
Personal name Kudlinski, Kathleen V.
245 10 - TITLE STATEMENT
Title Earthquake! :
Remainder of title a story of old San Francisco /
Statement of responsibility, etc. by Kathleen V. Kudlinski ; illustrated by Ronald Himler
250 ## - EDITION STATEMENT
Edition statement First Scholastic printing, November 1995
260 ## - PUBLICATION, DISTRIBUTION, ETC.
Place of publication, distribution, etc. New York :
Name of publisher, distributor, etc. Scholastic,
Date of publication, distribution, etc. 1993
300 ## - PHYSICAL DESCRIPTION
Extent 56 pages :
Other physical details illustrations ;
Dimensions 20cm
505 ## - FORMATTED CONTENTS NOTE
Formatted contents note K
520 ## - SUMMARY, ETC.
Summary, etc. In 1906, after the devastating earthquake hits San Francisco, twelve-year-old Phillip struggles to save the horses in his family's livery stable.
521 ## - TARGET AUDIENCE NOTE
Target audience note 540
Source Lexile
521 ## - TARGET AUDIENCE NOTE
Target audience note K
Source Raz-Plus
650 #0 - SUBJECT ADDED ENTRY--TOPICAL TERM
Topical term or geographic name entry element Earthquakes
Geographic subdivision California
-- San Francisco
General subdivision Juvenile fiction.
650 #1 - SUBJECT ADDED ENTRY--TOPICAL TERM
Topical term or geographic name entry element Earthquakes
Geographic subdivision California
-- San Francisco
General subdivision Fiction.
650 #1 - SUBJECT ADDED ENTRY--TOPICAL TERM
Topical term or geographic name entry element Horses
General subdivision Fiction.
700 1# - ADDED ENTRY--PERSONAL NAME
Personal name Himler, Ronald
Relator term illustrator
906 ## - LOCAL DATA ELEMENT F, LDF (RLIN)
a 7
b cbc
c orignew
d 1
e ocip
f 19
g y-gencatlg
942 ## - ADDED ENTRY ELEMENTS (KOHA)
Source of classification or shelving scheme Dewey Decimal Classification
Koha item type Books
Suppress in OPAC No
999 ## -
-- 2707
-- 2707
Holdings
Withdrawn status Lost status Source of classification or shelving scheme Damaged status Not for loan Collection Home library Current library Shelving location Date acquired Total Checkouts Full call number Barcode Date last seen Copy number Price effective from Koha item type
    Dewey Decimal Classification     Fiction Footprints International School Library Network Toul Kork Campus Footprints International School Library Network Toul Kork Campus   01/10/2024   KUD 813.54 PZ7.K9486 FISSE01008 01/10/2024 1 01/10/2024 Books
    Dewey Decimal Classification     Fiction Footprints International School Library Network Toul Kork Campus Footprints International School Library Network Toul Kork Campus   01/10/2024   KUD 813.54 PZ7.K9486 FISTK04864 04/30/2024 2 01/10/2024 Books